000 00252nam a2200109Ia 4500
008 190914s9999||||xx |||||||||||||| ||und||
100 _aHoff, Arthur Van
245 0 _aHooked On Java
260 _aNew Delhi
_bAddison
_c2001
300 _a2002
942 _cBK
999 _c9334
_d9334